|
|
|
|
| LEADER |
00000nab a2200000 a 4500 |
| 001 |
vtls000593903 |
| 003 |
SK-MaSNL |
| 005 |
20260304095921.0 |
| 008 |
250425c1996 xo 0 slo |
| 015 |
|
|
|a SNBRB19rr/mm-uuuuu
|
| 035 |
|
|
|a CL0594042
|
| 035 |
|
|
|a (urnnbn)urn:nbn:sk:snk:ar-004rrz
|
| 035 |
|
|
|a (uuid)9983c896-ae7b-4da3-aaa1-a7e067c5e27d
|
| 035 |
|
|
|a urn:nbn:sk:snk-ab7wn0
|
| 040 |
|
|
|a SNKBUCL
|b slo
|c SNKBUCL
|e AACR2
|
| 041 |
0 |
|
|a slo
|
| 044 |
|
|
|a xo
|c SK
|
| 080 |
|
|
|a 908.437.624(082)(048)
|2 1981
|
| 100 |
1 |
|
|a P.M.
|4 aut
|9 851411
|
| 245 |
1 |
0 |
|a Častkov a Podbranč
|c P.M.
|
| 300 |
|
|
|b Príl. vlast. zb. Záhorie č. 4/1994 a 4/1995
|
| 651 |
|
7 |
|a Častkov (Slovensko)
|2 snkbucl
|9 114295
|
| 651 |
|
7 |
|a Podbranč (Slovensko)
|2 snkbucl
|9 114103
|
| 655 |
|
7 |
|a články z novín a časopisov
|2 snkbucl
|9 267496
|
| 773 |
0 |
|
|t Historický časopis
|g Roč. 44, č. 2 (1996), s. 338-339
|
| 850 |
|
|
|a Slovenská národná knižnica
|
| 852 |
|
|
|a Slovenská národná knižnica
|
| 954 |
|
|
|a odborná, vedecká literatúra pôvodná (slovenská)
|2 lita
|
| 957 |
|
|
|a 5208
|
| 958 |
|
|
|a article9
|
| 958 |
|
|
|a OND
|
| 958 |
|
|
|a RK
|
| 958 |
|
|
|a SK
|
| 958 |
|
|
|a EUIPO
|
| 992 |
|
|
|a RBX
|
| 999 |
|
|
|c 2834945
|d 2836875
|